[Event "XXV Miedzynarodowy Festiwal Szachowy w Poznaniu - OPEN A"]
[Site "Poznan"]
[Date "2017.08.23"]
[Round "5.33"]
[White "Lisiecki, Robert "]
[Black "Wojdak, Jan"]
[Result "1-0"]
[WhiteTitle ""]
[BlackTitle ""]
[WhiteElo "1772"]
[BlackElo "1624"]

1. e4 c5 2. Nf3 Nc6 3. Bb5 d6 4. O-O Bd7 5. c3 a6 6. Ba4 g6 7. Re1 Bg7 8. Bb3 Nf6
9. d3 Bg4 10. Nbd2 Ne5 11. d4 cxd4 12. cxd4 Nxf3+ 13. Nxf3 O-O 14. h3 Bxf3 15.
Qxf3 Nd7 16. Be3 e5 17. Rad1 Qe7 18. Qg4 Kh8 19. dxe5 Nxe5 20. Qe2 f5 21. exf5
gxf5 22. Qd2 Qh4 23. Bg5 Qh5 24. Be7 Qg6 25. Kh1 Rfe8 26. Qxd6 Qxd6 27. Bxd6 Nc6
28. Bc2 Nd4 29. Bb1 Rad8 30. Bc5 Nc6 31. Rxd8 Rxd8 32. b3 Bc3 33. Rf1 f4 34. Bb6
Rd2 35. Bc7 Ne5 36. Be4 b5 37. a4 b4 38. Bb7 Nd3 39. Bxa6 Nxf2+ 40. Kh2 f3 41.
Kg3 fxg2 42. Kxg2 Nd3+ 43. Kg3 Nc5 44. Bc4 Kg7 45. a5 Rd7 46. Bb6 Ne4+ 47. Kf4
Nd2 48. Ra1 Kf6 49. Bg1 Be5+ 50. Ke3 Nxc4+ 51. bxc4 Rd4 52. a6 1-0

[Event "XXV Miedzynarodowy Festiwal Szachowy w Poznaniu - OPEN A"]
[Site "Poznan"]
[Date "2017.08.23"]
[Round "5.34"]
[White "Huchwajda, Grzegorz"]
[Black "Pawlowski, Rafal "]
[Result "1-0"]
[WhiteTitle ""]
[BlackTitle ""]
[WhiteElo "1566"]
[BlackElo "1752"]

1. e4 c6 2. d4 d5 3. e5 Bf5 4. Nf3 e6 5. Be2 Nd7 6. O-O h6 7. Nbd2 Ne7 8. c4 dxc4
9. Nxc4 Nd5 10. Ne3 Bg6 11. Nxd5 cxd5 12. Bf4 Be7 13. Qb3 O-O 14. Rfc1 Nb6 15.
Rc3 Rc8 16. Rac1 Qd7 17. Bb5 Rxc3 18. Rxc3 Qd8 19. a4 a5 20. Qd1 Bb4 21. Rc1 Qb8
22. Bd2 Rc8 23. Bxb4 axb4 24. Nd2 Rc7 25. a5 Na8 26. Nb3 Qa7 27. Rxc7 Nxc7 28.
Bd3 Bxd3 29. Qxd3 Qa6 30. Qxa6 Nxa6 31. Nc5 Nxc5 32. dxc5 Kf8 33. c6 1-0

[Event "XXV Miedzynarodowy Festiwal Szachowy w Poznaniu - OPEN A"]
[Site "Poznan"]
[Date "2017.08.23"]
[Round "5.36"]
[White "Hoffmann, Kacper "]
[Black "Wawrzyniak, Pawel"]
[Result "1/2-1/2"]
[WhiteTitle ""]
[BlackTitle ""]
[WhiteElo "1588"]
[BlackElo "1749"]

1. d4 d5 2. Nf3 Nf6 3. c4 c6 4. Nc3 e6 5. e3 Nbd7 6. Bd3 dxc4 7. Bxc4 b5 8. Bd3
Bb7 9. O-O a6 10. e4 c5 11. d5 Qc7 12. dxe6 fxe6 13. Ng5 Qc6 14. Re1 c4 15. Bc2
Nc5 16. b4 Nd3 17. Bxd3 Bxb4 18. Bb2 cxd3 19. Qxd3 h6 20. Qh3 O-O 21. Nxe6 Bc8
22. Nd4 Qb6 23. Nf5 Nxe4 24. Nxe4 Bxf5 25. Qb3+ Kh8 26. Qxb4 Bxe4 27. Bxg7+ Kxg7
28. Qe7+ Rf7 29. Qxe4 Qxf2+ 30. Kh1 1/2-1/2

[Event "XXV Miedzynarodowy Festiwal Szachowy w Poznaniu - OPEN A"]
[Site "Poznan"]
[Date "2017.08.23"]
[Round "5.37"]
[White "Dopierala, Adam"]
[Black "Kukorowski, Jan"]
[Result "0-1"]
[WhiteTitle ""]
[BlackTitle ""]
[WhiteElo "1059"]
[BlackElo "1670"]

1. e4 e6 2. d4 d5 3. Bd3 dxe4 4. Bxe4 Nf6 5. Bf3 c5 6. Be3 Nd5 7. Bxd5 Qxd5 8.
Nf3 cxd4 9. Qxd4 Qa5+ 10. Nc3 Nc6 11. Qd1 Bb4 12. Bd2 O-O 13. O-O e5 14. Re1 Bg4
15. Re4 f5 16. Re3 e4 17. h3 Bh5 18. g4 fxg4 19. hxg4 Bxg4 20. Nxe4 Bxd2 21. Nexd2
Nd4 22. c3 Nxf3+ 23. Nxf3 Qh5 24. Re5 Qf7 25. Qd4 Bxf3 26. Rg5 Qf6 27. Qc4+ Kh8
28. Qh4 h6 29. Rh5 Bxh5 0-1

[Event "XXV Miedzynarodowy Festiwal Szachowy w Poznaniu - OPEN A"]
[Site "Poznan"]
[Date "2017.08.23"]
[Round "5.38"]
[White "Godek, Martyna "]
[Black "Kaluzny, Stanislaw "]
[Result "1-0"]
[WhiteTitle ""]
[BlackTitle ""]
[WhiteElo "1634"]
[BlackElo "1361"]

1. e4 c5 2. Nc3 Nc6 3. g3 a6 4. a4 Nf6 5. Bg2 d6 6. d3 e6 7. Nge2 Be7 8. O-O O-O
9. Nf4 Qc7 10. Be3 h6 11. Nh5 Bd7 12. f4 Kh8 13. Qe2 Rfd8 14. Rf2 Qa5 15. e5 dxe5
16. fxe5 Nxe5 17. Bxh6 Nxh5 18. Qxh5 gxh6 19. Qxe5+ f6 20. Rxf6 Bxf6 21. Qxf6+
Kg8 22. Qg6+ Kf8 23. Rf1+ Ke7 24. Ne4 Rf8 25. Qg7+ Kd8 26. Qxf8+ Be8 27. Qd6+
Kc8 28. Qxe6+ Kc7 29. Qd6+ 1-0

[Event "XXV Miedzynarodowy Festiwal Szachowy w Poznaniu - OPEN A"]
[Site "Poznan"]
[Date "2017.08.23"]
[Round "5.39"]
[White "Zakrzewski, Bartosz"]
[Black "Wojdak, Karol"]
[Result "1/2-1/2"]
[WhiteTitle ""]
[BlackTitle ""]
[WhiteElo "1554"]
[BlackElo "1372"]

1. e4 e5 2. Nf3 Nc6 3. d4 exd4 4. Nxd4 Bc5 5. Nb3 Bb6 6. Nc3 Qf6 7. Qe2 Nd4 8.
Nxd4 Bxd4 9. Nd5 Qd6 10. c3 Bb6 11. Bf4 Qc5 12. Be3 Qc6 13. O-O-O Nf6 14. f3 d6
15. Nxf6+ gxf6 16. Bd4 Bxd4 17. Rxd4 Be6 18. Kb1 O-O-O 19. Qb5 Qxb5 20. Bxb5 a6
21. Be2 Rhg8 22. g3 Rde8 23. Rd2 f5 24. Bd3 fxe4 25. Bxe4 Rg5 26. f4 Ra5 27. Bxh7
Bxa2+ 28. Kc2 Be6 29. Bd3 Rh5 30. Re2 Kd8 31. Kd2 Rd5 32. c4 Rxd3+ 33. Kxd3 Bxc4+
34. Kxc4 Rxe2 35. Kc3 Ke7 36. g4 Kf6 37. h4 b5 38. h5 Kg7 39. Rg1 c5 40. g5 d5
41. h6+ Kg6 42. Ra1 d4+ 43. Kd3 Re3+ 44. Kd2 Re6 45. f5+ Kxf5 46. Re1 Rd6 47.
Re8 Kg6 48. Rg8+ Kh7 49. Rg7+ Kh8 50. Rxf7 Rg6 51. Rf5 c4 52. Rc5 Re6 53. Rc8+
Kh7 54. Rc7+ Kh8 55. Rc8+ Kh7 56. Rc7+ Kh8 1/2-1/2

[Event "XXV Miedzynarodowy Festiwal Szachowy w Poznaniu - OPEN A"]
[Site "Poznan"]
[Date "2017.08.23"]
[Round "5.42"]
[White "Drozdowicz, Ignacy "]
[Black "Tadych, Szymon "]
[Result "0-1"]
[WhiteTitle ""]
[BlackTitle ""]
[WhiteElo "1339"]
[BlackElo "1501"]

1. e4 e5 2. Nf3 Nf6 3. Nxe5 d6 4. Nf3 Nxe4 5. d3 Nf6 6. Bg5 Be7 7. Be2 O-O 8. O-O
h6 9. Bh4 Nc6 10. Nc3 b6 11. Re1 Bb7 12. Qd2 Nd7 13. Bxe7 Nxe7 14. d4 Nf6 15.
Rad1 Ng6 16. h3 Re8 17. Nh2 Qd7 18. Bb5 c6 19. Ba4 a5 20. Bb3 d5 21. Na4 Qc7 22.
Rc1 Ne4 23. Qd3 b5 24. Rxe4 dxe4 25. Qc3 bxa4 26. Bxa4 Nf4 27. Re1 Rad8 28. Ng4
h5 29. Ne5 f6 30. Nxc6 Bxc6 31. Bxc6 Re6 32. d5 Nxd5 33. Bxd5 Qe7 34. Bxe6+ Qxe6
35. Qxa5 Rd5 36. Qb4 Rg5 37. Re3 Qxa2 38. Qb3+ Qxb3 39. Rxb3 Rc5 40. c3 g5 41.
Rb4 f5 42. c4 Kf7 43. b3 Ke6 44. Kf1 Ke5 45. Ke2 Kd4 46. Kd2 f4 47. Rb5 Rxb5 48.
cxb5 Kc5 49. b6 Kxb6 50. Kc3 Kc5 51. b4+ Kd5 52. b5 g4 53. b6 f3 54. gxf3 gxh3
55. fxe4+ Kc6 56. e5 Kxb6 57. e6 Kc6 58. f4 h2 59. f5 h1=Q 60. e7 Qe1+ 0-1

[Event "XXV Miedzynarodowy Festiwal Szachowy w Poznaniu - OPEN A"]
[Site "Poznan"]
[Date "2017.08.23"]
[Round "5.43"]
[White "Zurawski, Mateusz"]
[Black "Walkowski, Jonasz"]
[Result "0-1"]
[WhiteTitle ""]
[BlackTitle ""]
[WhiteElo "1328"]
[BlackElo "1496"]

1. e4 e6 2. d4 d5 3. e5 c5 4. c3 Nc6 5. f4 Qb6 6. Nf3 Bd7 7. Be2 Nge7 8. dxc5 Qxc5
9. b3 Nf5 10. Qd2 Qb6 11. Bd3 Rd8 12. Bxf5 exf5 13. Ba3 Bxa3 14. Nxa3 O-O 15.
Nc2 Be6 16. Ncd4 a6 17. O-O Rc8 18. Kh1 Rc7 19. Qd3 Ne7 20. Nh4 Rfc8 21. Rac1
g6 22. Rc2 Nc6 23. Nhf3 h6 24. Rfc1 Kg7 25. Qe3 Nxd4 26. Nxd4 Qc5 27. Kg1 b5 28.
Kf2 Qe7 29. g3 Rc5 30. Ke2 Qc7 31. Kd3 Qb6 32. Kd2 a5 33. a3 Qc7 34. Qd3 Qb6 35.
Nxe6+ fxe6 36. Ke2 Qc6 37. Kd2 Rc7 38. Ke2 b4 39. axb4 axb4 40. c4 dxc4 41. Rxc4
Rxc4 42. Rxc4 Qg2+ 43. Kd1 Qg1+ 44. Kd2 Qxh2+ 45. Qe2 Rd7+ 46. Ke1 Qxg3+ 47. Kf1
Qxb3 48. Ke1 h5 49. Rc2 Qg3+ 50. Qf2 Qd3 51. Rd2 Qxd2+ 0-1

[Event "XXV Miedzynarodowy Festiwal Szachowy w Poznaniu - OPEN A"]
[Site "Poznan"]
[Date "2017.08.23"]
[Round "5.44"]
[White "Nicikowski, Jozef"]
[Black "Lisiak, Rafal"]
[Result "1/2-1/2"]
[WhiteTitle ""]
[BlackTitle ""]
[WhiteElo "1490"]
[BlackElo "1444"]

1. e4 c6 2. d3 d6 3. g3 g6 4. Bg2 Bg7 5. c3 Nf6 6. Nf3 O-O 7. O-O Bg4 8. Nbd2 Nbd7
9. h3 Bxf3 10. Nxf3 Qb6 11. Re1 Rfe8 12. Qc2 c5 13. Be3 Qc7 14. Nd2 Rac8 15. a4
a6 16. a5 Ne5 17. f4 Nc6 18. Nc4 e6 19. e5 dxe5 20. fxe5 Nxe5 21. Bf4 Nfd7 22.
d4 cxd4 23. Nb6 Nxb6 24. axb6 Qb8 25. Qe4 f5 26. Qxb7 Qxb7 27. Bxb7 Rb8 28. cxd4
Rxb7 29. Bxe5 Bxe5 30. Rxe5 Rxb6 31. d5 Kf7 32. Rae1 Rd6 33. dxe6+ Rdxe6 34. Rxe6
Rxe6 35. Ra1 Rb6 36. Ra2 Ke6 37. Kf2 g5 38. b4 h5 39. Ra5 Rc6 40. b5 axb5 41.
Rxb5 Kf6 42. Kf3 g4+ 43. hxg4 hxg4+ 44. Kf2 Rc2+ 45. Kg1 Re2 46. Kf1 Re5 47. Rb6+
Kg5 48. Rb4 Re3 49. Kg2 Kf6 50. Rf4 Ke5 51. Rf2 Re4 52. Kg1 f4 53. gxf4+ Rxf4
54. Rxf4 Kxf4 55. Kf2 g3+ 56. Kg1 Kf3 57. Kf1 Kg4 58. Kg1 1/2-1/2

[Event "XXV Miedzynarodowy Festiwal Szachowy w Poznaniu - OPEN A"]
[Site "Poznan"]
[Date "2017.08.23"]
[Round "5.45"]
[White "Lapinski, Jerzy"]
[Black "Tomczak, Marta "]
[Result "0-1"]
[WhiteTitle ""]
[BlackTitle ""]
[WhiteElo "1280"]
[BlackElo "1480"]

1. d4 d5 2. Bf4 Nf6 3. h3 Bf5 4. Nf3 h6 5. e3 e6 6. Bd3 Bxd3 7. Qxd3 Bd6 8. Ne5
c6 9. Nd2 O-O 10. O-O Qc7 11. Ndf3 Nbd7 12. Rac1 Nh5 13. Bh2 Nhf6 14. c4 b6 15.
Rc2 c5 16. Rfc1 Rfe8 17. b4 Qb7 18. b5 Ne4 19. Nc6 Bxh2+ 20. Nxh2 Nef6 21. Nf3
a6 22. a4 axb5 23. axb5 Ra4 24. Nfe5 Nxe5 25. Nxe5 cxd4 26. exd4 dxc4 27. Nxc4
Rd8 28. Qb3 Raa8 29. Qe3 Nd5 30. Qf3 Rdc8 31. Ne5 Rxc2 32. Rxc2 Qa7 33. Nc6 Qa1+
34. Kh2 Rf8 35. Qb3 Ra8 36. Ne5 Qxd4 37. Nc6 Qf4+ 38. g3 Qe4 39. Qb2 Qe1 40. Re2
Qf1 41. Qe5 Ra1 0-1

[Event "XXV Miedzynarodowy Festiwal Szachowy w Poznaniu - OPEN A"]
[Site "Poznan"]
[Date "2017.08.23"]
[Round "5.46"]
[White "Szafranski, Maciej "]
[Black "Purczynski, Andrzej"]
[Result "1-0"]
[WhiteTitle ""]
[BlackTitle ""]
[WhiteElo "1439"]
[BlackElo "1243"]

1. e4 Nf6 2. Nc3 e6 3. d4 Bb4 4. Bd3 Nc6 5. Nf3 h6 6. O-O O-O 7. Qe2 Re8 8. e5
Nd5 9. Bd2 Nxc3 10. bxc3 Be7 11. Qe4 f5 12. exf6 Bxf6 13. Qh7+ Kf8 14. Bg6 Ke7
15. Bxe8 Qxe8 16. d5 Ne5 17. Nxe5 Bxe5 18. Bxh6 Qf8 19. Bg5+ Ke8 20. Qg6+ Qf7
21. Qxf7+ Kxf7 22. dxe6+ dxe6 23. Bd2 Bd7 24. Rab1 b6 25. c4 Ba4 26. c3 Bc2 27.
Rbc1 Bd3 28. Rfe1 Bd6 29. c5 Bxc5 30. Be3 Ba3 31. Rcd1 Bc4 32. Rd7+ Kg8 33. Bd4
Bf8 34. Rxc7 Bxa2 35. Ra1 Bd5 36. Raxa7 Rxa7 37. Rxa7 b5 38. Rc7 Bc4 39. Bc5 Bxc5
40. Rxc5 Kf7 41. f3 Kf6 42. Kf2 g6 43. Ke3 Bf1 44. g3 Bc4 45. Rxc4 bxc4 46. Kd4
e5+ 47. Kxc4 g5 48. Kd5 Kf5 49. h3 1-0

[Event "XXV Miedzynarodowy Festiwal Szachowy w Poznaniu - OPEN A"]
[Site "Poznan"]
[Date "2017.08.23"]
[Round "5.47"]
[White "Nawrowski, Artur "]
[Black "Piechocki, Bronislaw "]
[Result "1-0"]
[WhiteTitle ""]
[BlackTitle ""]
[WhiteElo "1024"]
[BlackElo "1435"]

1. d4 Nf6 2. Nf3 g6 3. c4 Bg7 4. Nc3 O-O 5. e4 d6 6. Bd3 c6 7. O-O Qc7 8. Bf4 c5
9. d5 a6 10. Re1 Nh5 11. Qc1 Nxf4 12. Qxf4 Nd7 13. Qd2 Ne5 14. Nxe5 Bxe5 15. f4
Bg7 16. Rf1 Bd7 17. b3 Qa5 18. Rac1 Rab8 19. Rf2 b5 20. f5 bxc4 21. Bc2 cxb3 22.
Bxb3 Bxc3 23. Rxc3 Ba4 24. h3 Bxb3 25. Rxb3 Rxb3 26. Qxa5 Ra8 27. axb3 Rb8 28.
Qxa6 Rxb3 29. f6 exf6 30. Rxf6 Rb7 31. Rxd6 Re7 32. Qc8+ Kg7 33. Qxc5 Rxe4 34.
Qc3+ Kh6 35. Rd7 Rf4 36. Qc1 g5 37. Rd6+ f6 38. Rd7 Kg6 39. g4 h5 40. Qc2+ f5
41. Qc6# 1-0

[Event "XXV Miedzynarodowy Festiwal Szachowy w Poznaniu - OPEN A"]
[Site "Poznan"]
[Date "2017.08.23"]
[Round "5.48"]
[White "Kabzinski, Jan "]
[Black "Nowak, Patrycja"]
[Result "1-0"]
[WhiteTitle ""]
[BlackTitle ""]
[WhiteElo "1433"]
[BlackElo "1182"]

1. c4 e5 2. Nc3 Nf6 3. e3 Bb4 4. Nge2 O-O 5. a3 Be7 6. d4 d6 7. e4 exd4 8. Nxd4
c5 9. Nc2 Nbd7 10. Be2 b6 11. O-O Bb7 12. f3 Re8 13. Ne3 a6 14. Ned5 Nxd5 15.
Nxd5 Nf6 16. Qc2 Nxd5 17. exd5 Bf6 18. Bd3 g6 19. Bd2 Bd4+ 20. Kh1 Re5 21. Bf4
Rh5 22. Bg3 Qf6 23. Rab1 Re8 24. b3 Re3 25. Rbe1 Be5 26. Rxe3 Bxg3 27. Re8+ Kg7
28. h3 Bf4 29. Rfe1 Qh4 30. R1e4 Bc8 31. Rxc8 Qg3 32. Rxf4 Qxf4 33. Qc3+ Re5 34.
Re8 f6 35. Rxe5 fxe5 36. a4 a5 37. Qe1 Kf6 38. Qe4 Kg5 39. Bc2 Qxe4 40. Bxe4 Kf4
41. Kh2 Ke3 42. g4 Kd2 43. g5 Kc3 44. h4 Kxb3 45. h5 Kxa4 46. hxg6 hxg6 47. Bxg6
Kb3 48. Be4 a4 49. g6 a3 50. g7 a2 51. g8=Q a1=Q 52. Qd8 Qb2+ 53. Kg3 Qd2 54.
Qxb6+ Kxc4 55. Qa6+ Kd4 56. Qa1+ Qc3 57. Qxc3+ Kxc3 58. Kg4 c4 59. Kf5 Kd4 60.
Ke6 Kc5 61. Kd7 c3 62. Ke6 Kb6 63. Kxd6 Kb7 64. Kxe5 Kb8 1-0

[Event "XXV Miedzynarodowy Festiwal Szachowy w Poznaniu - OPEN A"]
[Site "Poznan"]
[Date "2017.08.23"]
[Round "5.49"]
[White "Zielinski, Tomasz"]
[Black "Geselle , Roman"]
[Result "0-1"]
[WhiteTitle ""]
[BlackTitle ""]
[WhiteElo "1215"]
[BlackElo "1429"]

1. e4 Nf6 2. e5 Nd5 3. d4 d6 4. c4 Nb6 5. exd6 exd6 6. Nc3 Be7 7. Nf3 O-O 8. Be2
Bg4 9. b3 Re8 10. O-O Bf6 11. Be3 Nc6 12. Rc1 Ne7 13. Ne4 Nf5 14. Nxf6+ Qxf6 15.
Bg5 Qe6 16. Rc2 h6 17. Bc1 Nh4 18. Be3 Nf5 19. Bc1 Bh5 20. Bb2 c6 21. d5 Qe7 22.
dxc6 bxc6 23. h3 Bg6 24. Rd2 Rad8 25. Ba3 c5 26. Re1 Nc8 27. Bd3 Qc7 28. Rde2
Rxe2 29. Rxe2 a5 30. Qe1 Kf8 31. g4 Nfe7 32. Bxg6 Nxg6 33. Bb2 Na7 34. Qc3 f6
35. Bc1 Ne5 36. Nh4 Nac6 37. f4 Nd4 38. Re3 Nec6 39. Ng6+ Kf7 40. f5 Qd7 41. Kf2
Re8 42. Nf4 Rxe3 43. Bxe3 Qe7 44. Bxd4 cxd4 45. Qe1 Qe5 46. Ng2 Nb4 47. Qxe5 dxe5
48. a3 Nc2 49. b4 axb4 50. axb4 Nxb4 51. Ke2 g6 52. fxg6+ Kxg6 53. Nh4+ 0-1

[Event "XXV Miedzynarodowy Festiwal Szachowy w Poznaniu - OPEN A"]
[Site "Poznan"]
[Date "2017.08.23"]
[Round "5.50"]
[White "Gajewski, Zbigniew "]
[Black "Mozdzanowski, Filip"]
[Result "1-0"]
[WhiteTitle ""]
[BlackTitle ""]
[WhiteElo "1347"]
[BlackElo "1329"]

1. e4 d6 2. d4 Nf6 3. Nc3 g6 4. Nf3 Bg7 5. h3 c6 6. Bd3 O-O 7. Be3 h6 8. Qd2 Kh7
9. O-O-O b5 10. e5 Ne8 11. Ne2 a5 12. Ng3 Rh8 13. h4 Kg8 14. h5 g5 15. Nxg5 e6
16. Nf3 b4 17. Ne4 d5 18. Nc5 Nd7 19. Nxd7 Qxd7 20. g4 c5 21. dxc5 Qa4 22. Kb1
Bb7 23. Bd4 Kf8 24. g5 hxg5 25. Qxg5 Bh6 26. Qh4 Nc7 27. Rhg1 Ba6 28. Bxa6 Rxa6
29. Qf6 Rh7 30. Ng5 Bxg5 31. Qxg5 Ra8 32. Qg8+ Ke7 33. Qxh7 Nb5 34. Rg7 Rf8 35.
Qh6 Ke8 36. Qe3 Nc7 37. h6 Rh8 38. Qf4 Qd7 39. h7 Kf8 40. Rdg1 1-0

[Event "XXV Miedzynarodowy Festiwal Szachowy w Poznaniu - OPEN A"]
[Site "Poznan"]
[Date "2017.08.23"]
[Round "5.51"]
[White "Piasecki, Andrzej"]
[Black "Walaszyk, Zbigniew "]
[Result "1-0"]
[WhiteTitle ""]
[BlackTitle ""]
[WhiteElo "1300"]
[BlackElo "1344"]

1. Nc3 Nf6 2. Nf3 g6 3. e4 Bg7 4. e5 Ng8 5. d4 c6 6. d5 cxd5 7. Qxd5 e6 8. Qd6
Bf8 9. Qd4 Nc6 10. Qh4 Qa5 11. Qa4 Bb4 12. Qxa5 Bxa5 13. Bd2 a6 14. O-O-O Nge7
15. Ne4 Bxd2+ 16. Rxd2 O-O 17. Nf6+ Kg7 18. Ng4 Rd8 19. h4 b5 20. h5 Rh8 21. h6+
Kf8 22. Nf6 Ra7 23. Ng5 Nf5 24. g4 Nfd4 25. f4 b4 26. Bg2 b3 27. Bxc6 bxa2 28.
Rxd4 a1=Q+ 29. Kd2 Qxb2 30. Kd3 Ke7 31. Ba4 Rc7 32. Nge4 a5 33. Rd1 Ba6+ 34. Ke3
Rd8 35. Nxh7 Bb5 36. Bxb5 Qxb5 37. Nhf6 a4 38. h7 Qb6 39. Ng8+ Kf8 40. h8=Q Rxc2
41. Nh6+ 1-0

[Event "XXV Miedzynarodowy Festiwal Szachowy w Poznaniu - OPEN A"]
[Site "Poznan"]
[Date "2017.08.24"]
[Round "6.1"]
[White "Tomczak, Jacek "]
[Black "Polok, Kacper"]
[Result "1-0"]
[WhiteTitle ""]
[BlackTitle ""]
[WhiteElo "2598"]
[BlackElo "2249"]

1. e4 c5 2. Nf3 Nc6 3. d4 cxd4 4. Nxd4 e5 5. Nb5 d6 6. N1c3 a6 7. Na3 b5 8. Nd5
Nge7 9. Bd3 Be6 10. O-O Nxd5 11. exd5 Bxd5 12. c4 bxc4 13. Bxc4 Bxc4 14. Nxc4
d5 15. Qa4 Qc7 16. Nxe5 Rc8 17. Re1 Bb4 18. Bd2 Bxd2 19. Nxc6+ Bxe1 20. Rxe1+
Kd7 21. Ne7+ Kd8 22. Nxc8 Kxc8 23. Qxa6+ Kd7 24. Qa4+ Kd6 25. Qf4+ Kd7 26. Re7+
1-0

[Event "XXV Miedzynarodowy Festiwal Szachowy w Poznaniu - OPEN A"]
[Site "Poznan"]
[Date "2017.08.24"]
[Round "6.2"]
[White "Szelag, Marcin "]
[Black "Zakrzewski, Marek"]
[Result "1/2-1/2"]
[WhiteTitle ""]
[BlackTitle ""]
[WhiteElo "2456"]
[BlackElo "2237"]

1. e4 c5 2. Nf3 e6 3. d4 cxd4 4. Nxd4 Nc6 5. Nc3 Qc7 6. Be2 a6 7. O-O Nf6 8. Be3
Bb4 9. Na4 Be7 10. Nxc6 bxc6 11. Nb6 Rb8 12. Nxc8 Qxc8 13. e5 Nd5 14. Bc1 Bc5
15. c4 Ne7 16. b3 Qc7 17. Bb2 d6 18. Bd3 dxe5 19. Qh5 Bd4 20. Bxd4 exd4 21. Rae1
g6 22. Qh6 c5 23. Qg7 Rg8 24. Qxh7 Qf4 25. Re4 Qf6 26. Qh6 Rh8 27. Qd2 Nc6 28.
Rfe1 Rh4 29. f4 Kf8 30. g3 Rh8 31. R4e2 Kg7 32. Be4 Rhc8 33. Bxc6 Rxc6 34. Re5
Qd8 35. h4 Qd7 36. Qd3 f6 37. R5e2 a5 38. g4 Rh8 39. h5 gxh5 40. gxh5 Rxh5 41.
Rg2+ Kf8 42. Qg6 Qf7 43. Qe4 Qh7 44. Rg6 Kf7 45. f5 Rxf5 46. Rg3 Rb6 47. Qa8 Rh5
48. Rf1 Rd6 49. Qb7+ Ke8 50. Qa8+ Ke7 51. Qg2 Kf7 52. Qb7+ Ke8 53. Qa8+ Rd8 54.
Qc6+ Ke7 55. Re1 Rd6 56. Qg2 Kf7 57. Qb7+ Ke8 58. Qa8+ Kf7 59. Qb7+ Ke8 60. Qa8+
Kf7 1/2-1/2

[Event "XXV Miedzynarodowy Festiwal Szachowy w Poznaniu - OPEN A"]
[Site "Poznan"]
[Date "2017.08.24"]
[Round "6.3"]
[White "Jedras, Piotr"]
[Black "Urban, Klaudiusz "]
[Result "0-1"]
[WhiteTitle ""]
[BlackTitle ""]
[WhiteElo "2091"]
[BlackElo "2426"]

1. e4 e6 2. d4 d5 3. Nc3 Nf6 4. Bg5 dxe4 5. Nxe4 Nbd7 6. Nxf6+ Nxf6 7. Bd3 h6 8.
Be3 Nd5 9. Nf3 Nxe3 10. fxe3 Bd6 11. O-O Qe7 12. e4 e5 13. c3 O-O 14. Qe1 Bd7
15. Qg3 Rae8 16. Rae1 c5 17. d5 f5 18. Qh4 f4 19. Qxe7 Rxe7 20. Nd2 g5 21. Be2
g4 22. Nc4 Bb8 23. b3 h5 24. a4 Rf6 25. Rd1 Bd6 26. Na3 a6 27. c4 h4 28. Nc2 Rh7
29. Bd3 Kf7 30. Rde1 Ke7 31. Kh1 Rh8 32. Kg1 Rhf8 33. Rd1 R8f7 34. Rde1 Kd8 35.
Rd1 Kc7 36. Rde1 Bf8 37. Rb1 Be7 38. Rbd1 Rh7 39. Be2 Rhh6 40. Bd3 Bf8 41. Be2
Be7 42. Bd3 Rh8 43. Be2 Rhf8 44. Bd3 R8f7 45. Rde1 Rg7 46. Rd1 Rg5 47. Ne1 Rg8
48. Nc2 Rgf8 49. Rde1 f3 50. Rf2 fxg2 51. Rxf6 Rxf6 52. Kxg2 Rf3 53. Re3 Rf4 54.
Re1 Bg5 55. Rf1 Kd6 56. Ne3 Rxf1 57. Nxf1 Bf4 58. Be2 Kc7 59. Kf2 Kb6 60. Ne3
Bxe3+ 61. Kxe3 Ka5 62. Kd2 Kb4 63. Kc2 g3 64. hxg3 hxg3 65. Bf1 b5 66. axb5 axb5
67. cxb5 Bxb5 68. Bg2 Bd7 69. Bf1 Bc8 70. Bg2 Bg4 71. Kb2 Bd1 72. d6 Bg4 73. Kc2
Bd7 74. Bf1 Be6 75. Kb2 Bc8 76. Kc2 Bd7 77. Bg2 Be6 78. Kb2 Kb5 79. Kc3 Kc6 80.
b4 c4 81. Kb2 Kxd6 82. Kc3 Kc6 83. Kc2 Kb5 84. Kc3 Kb6 85. Kd2 Bd7 86. Kc3 Bb5
87. Bf3 Kc6 88. Bg2 Kd6 89. Kd2 Ke7 90. Bf3 Kf6 91. Ke3 c3 92. Bd1 Kg5 93. Bf3
Kh4 94. Bg2 Kg4 95. Bf3+ Kh3 96. Bg2+ Kh2 97. Bf3 Ba6 98. b5 Bxb5 99. Bg2 c2 100.
Kd4 0-1

[Event "XXV Miedzynarodowy Festiwal Szachowy w Poznaniu - OPEN A"]
[Site "Poznan"]
[Date "2017.08.24"]
[Round "6.4"]
[White "Sieciechowicz, Marcin"]
[Black "Zadymov, Ihor"]
[Result "1/2-1/2"]
[WhiteTitle ""]
[BlackTitle ""]
[WhiteElo "2408"]
[BlackElo "2089"]

1. d4 e6 2. c4 f5 3. g3 Nf6 4. Bg2 d5 5. Nf3 c6 6. O-O Bd6 7. b3 Qe7 8. Bb2 O-O
9. Qc1 b6 10. Ba3 Bb7 11. Bxd6 Qxd6 12. Qa3 Qxa3 13. Nxa3 Nbd7 14. Rac1 Rac8 15.
b4 a5 16. b5 c5 17. Ng5 Rfe8 18. dxc5 Rxc5 19. Rfd1 h6 20. Nh3 g5 21. f4 g4 22.
Nf2 Rec8 23. Rd4 R5c7 24. Rcd1 Kf7 25. Nd3 Ke7 26. Nb2 Ne4 27. Bxe4 fxe4 28. Na4
h5 29. Kf2 Rh8 30. Nc2 h4 31. Ne3 hxg3+ 32. hxg3 dxc4 33. Rxc4 Rh2+ 34. Ke1 Rxc4
35. Nxc4 Bd5 36. Ne3 Bxa2 37. Rd4 Bb3 38. Rxe4 1/2-1/2

[Event "XXV Miedzynarodowy Festiwal Szachowy w Poznaniu - OPEN A"]
[Site "Poznan"]
[Date "2017.08.24"]
[Round "6.5"]
[White "Chojnacki, Krzysztof "]
[Black "Raczynski, Krzysztof "]
[Result "1-0"]
[WhiteTitle ""]
[BlackTitle ""]
[WhiteElo "2377"]
[BlackElo "2208"]

1. d4 Nf6 2. c4 g6 3. Nc3 Bg7 4. e4 d6 5. Be2 O-O 6. Bg5 c5 7. d5 h6 8. Bf4 e6
9. dxe6 Bxe6 10. Qd2 Qb6 11. Nf3 Nc6 12. O-O Rad8 13. Bxh6 Bxh6 14. Qxh6 Qxb2
15. Rfc1 Nd4 16. Nxd4 cxd4 17. Rab1 Qa3 18. Rb3 Qa5 19. Nd5 Bxd5 20. Rh3 Nh5 21.
Bxh5 Be6 22. Bxg6 Bxh3 23. Qh7# 1-0

[Event "XXV Miedzynarodowy Festiwal Szachowy w Poznaniu - OPEN A"]
[Site "Poznan"]
[Date "2017.08.24"]
[Round "6.6"]
[White "Niekras, Dawid "]
[Black "Nowak, Rafal "]
[Result "1-0"]
[WhiteTitle ""]
[BlackTitle ""]
[WhiteElo "2277"]
[BlackElo "1996"]

1. e4 c5 2. Nf3 e6 3. d4 cxd4 4. Nxd4 Nc6 5. Nc3 Qc7 6. Be3 a6 7. Qd2 Bb4 8. O-O-O
Nge7 9. Nb3 Na5 10. Qd4 Bxc3 11. Qxc3 Qxc3 12. bxc3 Nac6 13. c4 b5 14. cxb5 axb5
15. Bxb5 Rxa2 16. Bc5 Na7 17. Be2 Ba6 18. Kb1 Bxe2 19. Kxa2 Bxd1 20. Rxd1 Nac8
21. c4 Kd8 22. Bd4 f6 23. Nc5 Kc7 24. Rb1 Rd8 25. Na6+ Kc6 26. c5 d6 27. Be3 d5
28. Nb8+ Kc7 29. Bd2 Nc6 30. Na6+ Kd7 31. Rb7+ Ke8 32. exd5 exd5 33. Rxg7 N8e7
34. Nc7+ Kd7 35. Nxd5 Ke6 36. Nf4+ Kf5 37. Be3 Rb8 38. Nd3 Nd5 39. Bd2 Ke4 40.
Nc1 Kd4 41. Rg4+ Kxc5 42. Nb3+ Kd6 43. Kb2 Ne5 44. Rd4 Ke6 45. Kc2 Rc8+ 46. Kd1
h5 47. Ke2 Rc2 48. Kd1 Rc8 49. Rh4 Rh8 50. Nc5+ Kf5 51. Ne4 Rd8 52. Ng3+ Kg6 53.
Nxh5 Ne7 54. Nf4+ Kf5 55. Ke2 N7c6 56. Rh5+ Ke4 57. f3+ 1-0

[Event "XXV Miedzynarodowy Festiwal Szachowy w Poznaniu - OPEN A"]
[Site "Poznan"]
[Date "2017.08.24"]
[Round "6.8"]
[White "Koitka, Jakub"]
[Black "Niemier, Hubert"]
[Result "1-0"]
[WhiteTitle ""]
[BlackTitle ""]
[WhiteElo "2144"]
[BlackElo "1924"]

1. e4 c6 2. Nc3 d5 3. Nf3 Bg4 4. h3 Bxf3 5. Qxf3 d4 6. Ne2 e5 7. Ng3 Nf6 8. Bc4
b5 9. Bb3 Nbd7 10. a4 a5 11. axb5 cxb5 12. O-O g6 13. c3 Bg7 14. cxd4 exd4 15.
e5 Nxe5 16. Re1 Qb8 17. Rxe5+ Qxe5 18. Qxa8+ Ke7 19. Qb7+ Nd7 20. d3 a4 21. Bd2
Rb8 22. Qc6 Rb6 23. Bb4+ Ke8 24. Qc8# 1-0

[Event "XXV Miedzynarodowy Festiwal Szachowy w Poznaniu - OPEN A"]
[Site "Poznan"]
[Date "2017.08.24"]
[Round "6.9"]
[White "Nowak, Mikolaj "]
[Black "Dzwikowski, Adam "]
[Result "1-0"]
[WhiteTitle ""]
[BlackTitle ""]
[WhiteElo "2076"]
[BlackElo "1975"]

1. d4 Nf6 2. c4 e6 3. Nf3 c5 4. d5 g6 5. Nc3 Bg7 6. g3 O-O 7. Bg2 exd5 8. cxd5
b5 9. Nxb5 Qa5+ 10. Nc3 Ne4 11. O-O Nxc3 12. bxc3 Qxc3 13. Rb1 Qc4 14. Bf4 Ba6
15. Ne5 Bxe5 16. Bxe5 Qxe2 17. Qxe2 Bxe2 18. Rfe1 Bd3 19. Rbd1 c4 20. Bd6 Rc8
21. Be4 Na6 22. Bxd3 cxd3 23. Rxd3 Nc5 24. Rde3 Nb7 25. Ba3 Na5 26. Re7 Nc4 27.
Bc1 Nb6 28. Be3 Nxd5 29. Rxd7 Nxe3 30. Rxe3 Rc6 31. Ree7 Rf6 32. Rxa7 Ra6 33.
Re8+ Rxe8 34. Rxa6 h5 35. Kg2 Re1 36. a4 Ra1 37. h4 Ra3 38. a5 Kg7 39. Ra8 Kf6
40. a6 Kf5 41. Rf8 Kf6 42. Ra8 Kf5 43. a7 Kg4 44. Rd8 Rxa7 45. Rd5 Ra2 46. Rg5#
1-0